| 000 | 01171nam a2200313Ia 4500 | ||
|---|---|---|---|
| 001 | ebr10110767 | ||
| 003 | CaPaEBR | ||
| 006 | m u | ||
| 007 | cr cn||||||||| | ||
| 008 | 021125s2002 wiu s 001 0 eng d | ||
| 020 | _z9781930919242 | ||
| 020 | _z1930919247 | ||
| 040 |
_aCaPaEBR _cCaPaEBR |
||
| 035 | _a(OCoLC)52604945 | ||
| 050 | 1 | 4 |
_aQA76.76.D47 _bH46 2002eb |
| 082 | 0 | 4 |
_a005.1/068 _221 |
| 100 | 1 | _aHentzen, Whil. | |
| 245 | 1 | 4 |
_aThe Software developer's guide _h[electronic resource] / _cWhil Hentzen. |
| 250 | _a3rd ed. | ||
| 260 |
_aWhitefish Bay, Wis. : _bHentzenwerke Publishing, _cc2002. |
||
| 300 | _axxx, 507 p. | ||
| 500 | _aIncludes index. | ||
| 533 |
_aElectronic reproduction. _bPalo Alto, Calif. : _cebrary, _d2009. _nAvailable via World Wide Web. _nAccess may be limited to ebrary affiliated libraries. |
||
| 650 | 0 |
_aComputer software _xDevelopment _vHandbooks, manuals, etc. |
|
| 650 | 0 |
_aComputer software _xDevelopment. |
|
| 655 | 7 |
_aElectronic books. _2local |
|
| 710 | 2 | _aebrary, Inc. | |
| 856 | 4 | 0 |
_uhttp://site.ebrary.com/lib/rucke/Doc?id=10110767 _zAn electronic book accessible through the World Wide Web; click to view |
| 999 |
_c108005 _d108005 |
||